The wind in the willows / (Record no. 7843)

MARC details
000 -LEADER
fixed length control field 00962nam a22002897a 4500
001 - CONTROL NUMBER
control field 7843
003 - CONTROL NUMBER IDENTIFIER
control field FISKH
005 - DATE AND TIME OF LATEST TRANSACTION
control field 20250812080954.0
008 - FIXED-LENGTH DATA ELEMENTS--GENERAL INFORMATION
fixed length control field 250812b cb ||||| |||| 00| 0 eng d
040 ## - CATALOGING SOURCE
Original cataloging agency FISKH
Language of cataloging eng
Transcribing agency FISKH
Modifying agency FISKH
050 ## - LIBRARY OF CONGRESS CALL NUMBER
Classification number PZ7.G759 W
082 ## - DEWEY DECIMAL CLASSIFICATION NUMBER
Classification number 823.8
100 ## - MAIN ENTRY--PERSONAL NAME
Personal name Grahame, Kenneth
Dates associated with a name (1859–1932)
245 ## - TITLE STATEMENT
Title The wind in the willows /
Statement of responsibility, etc. Kenneth Grahame ; Adapted by Lesley Sims ; Illustrated by Mauro Evangelisa
250 ## - EDITION STATEMENT
Edition statement This edition first published in 2007
260 ## - PUBLICATION, DISTRIBUTION, ETC.
Place of publication, distribution, etc. London :
Name of publisher, distributor, etc. Usborne,
Date of publication, distribution, etc. 2007
300 ## - PHYSICAL DESCRIPTION
Extent 64 pages :
Other physical details color illustrations ;
Dimensions 20 cm
505 ## - FORMATTED CONTENTS NOTE
Formatted contents note P<br/>
520 ## - SUMMARY, ETC.
Summary, etc. The escapades of four animal friends who live along a river in the English countryside--Toad, Mole, Rat, and Badger.<br/>
521 8# - TARGET AUDIENCE NOTE
Target audience note 640<br/>
Source Lexile<br/>
521 8# - TARGET AUDIENCE NOTE
Target audience note P<br/>
Source Raz-Plus<br/>
650 ## - SUBJECT ADDED ENTRY--TOPICAL TERM
Source of heading or term Animals
Topical term or geographic name entry element Fantasy
650 ## - SUBJECT ADDED ENTRY--TOPICAL TERM
Source of heading or term Literature
Topical term or geographic name entry element Classics
700 ## - ADDED ENTRY--PERSONAL NAME
Personal name Evangelisa, Mauro
Dates associated with a name illustrator
942 ## - ADDED ENTRY ELEMENTS (KOHA)
Source of classification or shelving scheme Dewey Decimal Classification
Koha item type Books
Suppress in OPAC No
Holdings
Withdrawn status Lost status Source of classification or shelving scheme Damaged status Not for loan Collection Home library Current library Shelving location Date acquired Total Checkouts Full call number Barcode Date last seen Copy number Price effective from Koha item type
    Dewey Decimal Classification     Juvenile Fiction Footprints International School Library Network Toul Tom Poung Campus Footprints International School Library Network Toul Tom Poung Campus TTP Primary Yellow Bookshelves 08/12/2025   GRA 823.8 PZ7.G759 W 2025-4069 08/12/2025 1 08/12/2025 Books